000 00387cam a22001457a 4500
008 180718b1960 xxu||||| |||| 00| 0 eng d
082 _aT000x54 G346/60
100 _aGhosh, Alak
245 _aNew horizons in planning
_cby Alak Ghosh
250 _a2nd ed.
260 _aCalcutta
_bWorld Press
_c1960
300 _a219p.
500 _aRs.10.00
650 _aIndia --Economic policy --1947
999 _c479434
_d479434